Municipios con Mercadona (Galicia) - Estadísticas

Estadísticas generales
  • Esta prueba ha sido intentada 395 veces
  • La puntuación promedio es 26 de 40
Estadísticas de respuestas
Provincia Municipio Población % Correcto
A Coruña A Coruña 251.543
98%
Lugo Lugo 100.143
98%
Ourense Ourense 105.769
97%
Pontevedra 83.316
97%
Pontevedra Vigo 294.489
97%
Santiago de Compostela 100.965
95%
Ferrol 64.367
89%
Vilagarcía de Arousa 37.888
79%
Arteixo 34.403
74%
Monforte de Lemos 18.933
72%
Narón 39.953
71%
Sanxenxo 18.016
70%
Oleiros 38.793
69%
Tui 17.468
68%
Verín 13.956
68%
Carballo 32.120
66%
Redondela 28.874
65%
Ribadeo 10.022
65%
Ribeira 27.102
64%
Betanzos 13.533
63%
Lalín 20.292
63%
O Carballiño 14.249
63%
Marín 23.991
62%
Xinzo de Limia 9.699
62%
Noia 14.123
61%
Ames 33.276
59%
Culleredo 31.254
59%
Vilalba 13.852
58%
A Estrada 20.112
57%
O Barco de Valdeorras 13.368
57%
Boiro 18.967
54%
Foz 10.329
54%
Sarria 13.726
54%
Cambados 13.787
50%
Nigrán 18.174
48%
Ponteareas 23.211
48%
Cee 7.731
43%
Mos 15.233
41%
Fene 12.467
38%
Barbadás 11.201
28%
No se encontraron pruebas coincidentes
Distribución de puntuación
Porcentaje de gente con cada puntuación
Porcentaje por número respondido
Historial de tus puntuaciones
No has intentado esta prueba.